000
00309nam a22001457a 4500
008
180918b xxu||||| |||| 00| 0 eng d
020
_a
9780321701800
041
_a
eng
080
_a
004
082
_a
004
100
_a
28
101
_a
SHK
245
_a
Classroom in a book CS5
_c
Chun,R
942
_2
udc
_c
BK
999
_c
47886
_d
47886